000 00482nam a2200181Ia 4500
001 23656
005 20260414150952.0
008 260414t2013||||xx |||||||||||||| ||spa||
041 _aESP
082 _a686.22
_bL586
100 _aLupton, Ellen
_eAUT
245 0 _aPensar con tipos :
_buna guía clave para estudiantes, diseñadores, editores y escritores
260 _c2013
300 _a224 páginas :
_c22 cm.
650 _aTCA
654 _aCII
942 _cLIB
_dJUS
_fJUS
_2ddc
_n
999 _c23656
_d23656